[Event "Tradewise Gibraltar Chess Festival 2012 "]
[Site "?"]
[Date "2012.01.25"]
[Round "3.28"]
[White "Bucknell, Malcolm Gordon"]
[Black "Carlile, Orison"]
[Result "1/2-1/2"]
[WhiteElo "1937"]
[BlackElo "2043"]
[PlyCount "104"]
[EventDate "2012.01.23"]

1. d4 e6 2. Nf3 f5 3. c4 Nf6 4. g3 Be7 5. Bg2 O-O 6. O-O d6 7. Nc3 Ne4 8. Qc2
Nxc3 9. bxc3 Nc6 10. d5 Na5 11. dxe6 c5 12. Nd2 Bxe6 13. Nb3 Nxc4 14. Bxb7 Rb8
15. Bg2 g5 16. Rd1 Qe8 17. Nd2 Ne5 18. Nf3 Nxf3+ 19. Bxf3 Qf7 20. e3 d5 21. c4
dxc4 22. Bb2 Rxb2 23. Qxb2 Bf6 24. Qa3 Bxa1 25. Rxa1 f4 26. Qxc5 fxg3 27. Qxg5+
Qg7 28. Qxg7+ Kxg7 29. Kg2 gxf2 30. Be2 c3 31. Rc1 Rc8 32. a3 Bd5+ 33. Kxf2 Be4
34. Bg4 Rc5 35. Ke2 h5 36. Bf3 Bg6 37. e4 Kf6 38. Kd3 Rd5+ 39. Ke3 Rd2 40. h4
Rh2 41. Rxc3 Rxh4 42. Rc6+ Kg5 43. Rc5+ Kh6 44. Ra5 Rh2 45. Rxa7 Rb2 46. Kf4
Rb3 47. Ra6 Kg7 48. Be2 h4 49. Ra7+ Kh6 50. Bf3 h3 51. Ra6 Kg7 52. Ra7+ Kh6
1/2-1/2

[Event "Tradewise Gibraltar Chess Festival 2012 "]
[Site "?"]
[Date "2012.01.25"]
[Round "3.32"]
[White "Salomon, Johan"]
[Black "Jernselius, Kjell"]
[Result "1-0"]
[WhiteElo "2002"]
[BlackElo "1858"]
[PlyCount "76"]
[EventDate "2012.01.23"]

1. e4 g6 2. d4 Bg7 3. c4 d6 4. Nc3 Nc6 5. Be3 e5 6. d5 Nce7 7. Bd3 f5 8. f3 Nf6
9. Nge2 O-O 10. Qd2 f4 11. Bf2 b6 12. O-O-O a6 13. Kb1 Bd7 14. g3 Nh5 15. gxf4
Nxf4 16. Nxf4 Rxf4 17. Be2 b5 18. Rdf1 bxc4 19. Be3 Rf8 20. Bxc4 Qe8 21. h4 Bb5
22. Nxb5 axb5 23. Bb3 Kh8 24. h5 gxh5 25. Rh3 Ng6 26. Rxh5 Nf4 27. Rh4 Qf7 28.
Rfh1 h6 29. Bd1 c5 30. Qh2 Qf6 31. Rg4 Ra7 32. Bf2 Nd3 33. Bh4 Qf7 34. Bg5 h5
35. Rh4 Nf4 36. Bxf4 Qg6 37. Rxh5+ Kg8 38. Rg5 Qf6 1-0

[Event "Tradewise Gibraltar Chess Festival 2012 "]
[Site "?"]
[Date "2012.01.25"]
[Round "3.33"]
[White "Riiser, Samuel"]
[Black "Brown, David"]
[Result "1/2-1/2"]
[WhiteElo "1827"]
[BlackElo "1964"]
[PlyCount "71"]
[EventDate "2012.01.23"]

1. d4 d5 2. c4 e6 3. Nc3 Nf6 4. Nf3 c6 5. e3 Nbd7 6. Bd3 Bd6 7. O-O O-O 8. Qe2
Re8 9. Rd1 Qe7 10. e4 dxe4 11. Nxe4 Nxe4 12. Qxe4 g6 13. Bg5 f6 14. Bf4 Bxf4
15. Qxf4 e5 16. dxe5 Nxe5 17. Re1 Nxf3+ 18. gxf3 Qxe1+ 19. Rxe1 Rxe1+ 20. Kg2
Re7 21. Qxf6 Rf7 22. Qd8+ Rf8 23. Qd6 Bf5 24. Bf1 Rad8 25. Qe7 Rd7 26. Qe3 a6
27. c5 Kg7 28. Bc4 h6 29. Qe5+ Kh7 30. b4 Rfd8 31. Bb3 Rg7 32. a4 Rdd7 33. Bc4
Rde7 34. Qf6 Rd7 35. Qc3 Rge7 36. Qf6 1/2-1/2

[Event "Tradewise Gibraltar Chess Festival 2012 "]
[Site "?"]
[Date "2012.01.25"]
[Round "3.34"]
[White "Helin, Mikael"]
[Black "Reutimann, Hans Peter"]
[Result "1-0"]
[WhiteElo "1935"]
[BlackElo "1823"]
[PlyCount "90"]
[EventDate "2012.01.23"]

1. e4 e6 2. Nf3 d5 3. e5 Ne7 4. b4 Ng6 5. c3 Be7 6. d4 Nd7 7. h4 f5 8. Bd3 b6
9. g4 Nxh4 10. Nxh4 Bxh4 11. gxf5 O-O 12. f6 Bxf2+ 13. Kd2 Nxf6 14. exf6 Qxf6
15. Bxh7+ Kf7 16. Kc2 g6 17. Nd2 Qf5+ 18. Kb3 Ba6 19. Nf3 Bc4+ 20. Ka3 a5 21.
b5 Bg3 22. Rg1 Bd6+ 23. Kb2 Ke7 24. Bg5+ Kd7 25. Ne5+ Bxe5 26. dxe5 Qf2+ 27.
Qd2 Qc5 28. Bf6 Qxb5+ 29. Kc1 Bd3 30. Rg4 Bf5 31. a4 Qf1+ 32. Kb2 Qh3 33. Rh4
Qg3 34. Rd4 c6 35. Qh6 Rf7 36. Rh1 Qg2+ 37. Rd2 Qe4 38. Rf1 Qxa4 39. Rxf5 gxf5
40. Bg6 Qb5+ 41. Kc1 Qf1+ 42. Rd1 Qf3 43. Kc2 Qe4+ 44. Rd3 Qa4+ 45. Kd2 Rg8 {
No further moves could be deciphered} 1-0

[Event "Tradewise Gibraltar Chess Festival 2012 "]
[Site "?"]
[Date "2012.01.25"]
[Round "3.35"]
[White "Morenilla Rocher, Fernando"]
[Black "Lam, Daniel King-Wai"]
[Result "0-1"]
[WhiteElo "1853"]
[BlackElo "2022"]
[PlyCount "72"]
[EventDate "2012.01.23"]

1. e4 c5 2. Nf3 d6 3. d4 cxd4 4. Nxd4 Nf6 5. Nc3 Nc6 6. Nxc6 bxc6 7. Be2 Rb8 8.
a3 e5 9. O-O Be7 10. b4 O-O 11. Be3 a5 12. bxa5 Qxa5 13. Bd2 Qc5 14. Qe1 d5 15.
Bd3 Bd6 16. Kh1 Re8 17. a4 d4 18. Ne2 Qa7 19. f4 exf4 20. Bxf4 Qc7 21. Bg5 Nxe4
22. Qh4 Nxg5 23. Qxg5 c5 24. Nf4 h6 25. Qh5 Bxf4 26. a5 c4 27. Bxc4 Qxc4 28.
Rxf4 Be6 29. Qd1 Red8 30. a6 Ra8 31. a7 Qc5 32. c3 Rxa7 33. Rxd4 Rxd4 34. cxd4
Rxa1 35. Qxa1 Qc2 36. Qa8+ Kh7 0-1

[Event "Tradewise Gibraltar Chess Festival 2012 "]
[Site "?"]
[Date "2012.01.25"]
[Round "3.36"]
[White "Bishop, Geoffrey L"]
[Black "Frey, Matthias"]
[Result "0-1"]
[WhiteElo "1811"]
[BlackElo "1941"]
[PlyCount "86"]
[EventDate "2012.01.23"]

1. e4 c6 2. d4 d5 3. Nc3 dxe4 4. Nxe4 Bf5 5. Ng3 Bg6 6. h4 h6 7. Nf3 Nd7 8. h5
Bh7 9. Bd3 Bxd3 10. Qxd3 e6 11. Bf4 Qa5+ 12. Bd2 Qc7 13. O-O-O Ngf6 14. Kb1 Bd6
15. Ne4 Nxe4 16. Qxe4 Nf6 17. Qe2 O-O-O 18. c4 c5 19. Bc3 cxd4 20. Nxd4 a6 21.
Nb3 Qc6 22. c5 Bc7 23. f3 Rd5 24. g4 Rhd8 25. Rc1 Bf4 26. Na5 Qb5 27. Qxb5 axb5
28. c6 b6 29. c7 R8d7 30. Nc6 Bxc1 31. Rxc1 Rxc7 32. Nb4 Rdd7 33. Nc2 Kb7 34.
a3 Rd3 35. Nd4 Ka6 36. Re1 Nd5 37. Re5 Nxc3+ 38. bxc3 Rcxc3 39. Nxb5 Rc5 40.
Rxc5 bxc5 41. Nc7+ Kb6 42. Ne8 g5 43. hxg6 fxg6 0-1

[Event "Tradewise Gibraltar Chess Festival 2012 "]
[Site "?"]
[Date "2012.01.25"]
[Round "3.37"]
[White "Nwachukwu, Chino"]
[Black "Wihlborn, Bengt"]
[Result "1-0"]
[WhiteElo "1926"]
[BlackElo "1866"]
[PlyCount "85"]
[EventDate "2012.01.23"]

1. e4 c5 2. Nf3 e6 3. Nc3 a6 4. a3 Qc7 5. d4 cxd4 6. Nxd4 b5 7. Bd3 Bb7 8. O-O
Nf6 9. Kh1 Be7 10. f4 d6 11. Qe1 O-O 12. Qg3 Rd8 13. Nf3 Nbd7 14. e5 Ne8 15.
Qh3 Nf8 16. f5 dxe5 17. fxe6 f6 18. Ng5 fxg5 19. Rxf8+ Kxf8 20. Qxh7 Bf6 21.
Be3 Qd6 22. Bf5 Ke7 23. Qg6 Qxe6 24. Bxe6 Kxe6 25. Bxg5 Rd4 26. Be3 Rh4 27. Rd1
Nd6 28. Kg1 Rah8 29. h3 Nf5 30. Bg5 Ne7 31. Qd3 Rd4 32. Qg3 Nf5 33. Qf2 Bxg5
34. Re1 Bh4 35. Qe2 Bxe1 36. Qxe1 Rhd8 37. Qf2 Rd2 38. Qb6+ Nd6 39. Qxd8 Rxg2+
40. Kf1 Rxc2 41. Qg8+ Nf7 42. Nd1 g5 43. Qg6+ 1-0

[Event "Tradewise Gibraltar Chess Festival 2012 "]
[Site "?"]
[Date "2012.01.25"]
[Round "3.38"]
[White "Annetts, Ivor S"]
[Black "Hansen, Henrik Damgaard"]
[Result "1/2-1/2"]
[WhiteElo "1895"]
[BlackElo "1859"]
[PlyCount "99"]
[EventDate "2012.01.23"]

1. e4 g6 2. d4 Bg7 3. Nc3 d6 4. f4 a6 5. Nf3 b5 6. Bd3 Nd7 7. Be3 Bb7 8. O-O c5
9. e5 cxd4 10. Bxd4 dxe5 11. Nxe5 Nxe5 12. Bxe5 Bxe5 13. fxe5 Qd4+ 14. Kh1 Qxe5
15. Re1 Qc7 16. Be4 Rd8 17. Qf3 Bxe4 18. Nxe4 Qe5 19. Re2 e6 20. Rae1 h6 21.
Qa3 Nf6 22. Nxf6+ Qxf6 23. Qxa6 O-O 24. Qa3 Ra8 25. Qb3 Rfd8 26. h3 Rd5 27. c4
bxc4 28. Qxc4 Rb8 29. b3 Rd4 30. Qc2 Rf4 31. Qb2 Qxb2 32. Rxb2 Kf8 33. Rd2 Ke7
34. Red1 Rb7 35. Kg1 h5 36. Rd4 Rf5 37. R1d2 Ra5 38. Rc4 Ra3 39. Kf2 Rba7 40.
Rcc2 Kf6 41. Ke3 e5 42. Ke4 R7a5 43. Rf2+ Ke6 44. Rc6+ Kd7 45. Rcf6 Rxa2 46.
Rxf7+ Ke8 47. Rf8+ Ke7 48. R2f7+ Kd6 49. Rf6+ Ke7 50. R8f7+ 1/2-1/2

[Event "Tradewise Gibraltar Chess Festival 2012 "]
[Site "?"]
[Date "2012.01.25"]
[Round "3.39"]
[White "Knudsen, Jes West"]
[Black "Rough, Robert E"]
[Result "1-0"]
[WhiteElo "1892"]
[BlackElo "1762"]
[PlyCount "61"]
[EventDate "2012.01.23"]

1. e4 c6 2. d4 d5 3. f3 dxe4 4. fxe4 Nf6 5. Nc3 Bg4 6. Nf3 e6 7. Be3 Be7 8. Bd3
Nbd7 9. Qd2 a6 10. e5 Nd5 11. Nxd5 cxd5 12. O-O O-O 13. Ng5 Bxg5 14. Bxg5 Qe8
15. Rf4 Bh5 16. Raf1 Bg6 17. Bxg6 fxg6 18. Qb4 b5 19. Be7 Rxf4 20. Rxf4 Qb8 21.
Bd6 Qc8 22. Qb3 Qc4 23. Qf3 Qxc2 24. h4 Qc6 25. Qg4 Re8 26. h5 gxh5 27. Qxh5
Qc1+ 28. Rf1 Qe3+ 29. Kh1 g6 30. Qh4 Kg7 31. Rf7+ 1-0

[Event "Tradewise Gibraltar Chess Festival 2012 "]
[Site "?"]
[Date "2012.01.25"]
[Round "3.40"]
[White "Andersen, Daniel"]
[Black "Haddock, Paul"]
[Result "0-1"]
[WhiteElo "1884"]
[BlackElo "1688"]
[PlyCount "60"]
[EventDate "2012.01.23"]

1. c4 e5 2. Nc3 f5 3. d4 exd4 4. Qxd4 Nc6 5. Qe3+ Qe7 6. Nd5 Qxe3 7. Bxe3 Bb4+
8. Kd1 Kd8 9. Bf4 Ba5 10. Nf3 d6 11. Ng5 Ke8 12. Bd2 Bb6 13. Bc3 Kf8 14. a4
Nce7 15. Nf4 a5 16. Nfe6+ Bxe6 17. Nxe6+ Kf7 18. Bxg7 Kxe6 19. Bxh8 Nh6 20. Bc3
Ng4 21. Be1 Bxf2 22. h3 Ne3+ 23. Kd2 Nxc4+ 24. Kc3 Bxe1+ 25. Rxe1 Ne3 26. g4
Ra6 27. Rg1 fxg4 28. hxg4 N7d5+ 29. Kd3 Ke5 30. Bg2 Nxg2 0-1

[Event "Tradewise Gibraltar Chess Festival 2012 "]
[Site "?"]
[Date "2012.01.26"]
[Round "4.1"]
[White "Vea, Odin Blikra"]
[Black "Rodriguez Boado, Martin"]
[Result "1-0"]
[WhiteElo "2233"]
[BlackElo "2164"]
[PlyCount "83"]
[EventDate "2012.01.23"]

1. e4 Nf6 2. e5 Nd5 3. c4 Nb6 4. c5 Nd5 5. Nc3 e6 6. d4 b6 7. Nxd5 exd5 8. Nf3
bxc5 9. dxc5 c6 10. Qd4 Na6 11. b4 Nc7 12. Bd3 a5 13. a3 Ne6 14. Qc3 Ba6 15.
Rb1 axb4 16. axb4 Bxd3 17. Qxd3 Be7 18. O-O O-O 19. Be3 Rb8 20. Nd2 f6 21. exf6
Bxf6 22. Nf3 Rb5 23. Bd2 Qb8 24. g3 Qe8 25. Kg2 Qh5 26. Rb3 d4 27. Ra3 Qd5 28.
Re1 h6 29. Qe4 Qh5 30. Ra7 Qf7 31. h4 g5 32. hxg5 Bxg5 33. Bxg5 hxg5 34. Ne5
Qxf2+ 35. Kh3 Qf5+ 36. Qxf5 Rxf5 37. Nxd7 Ng7 38. Re7 d3 39. Ne5 g4+ 40. Nxg4
d2 41. Rxg7+ Kf8 42. Rgd7 1-0

[Event "Tradewise Gibraltar Chess Festival 2012 "]
[Site "?"]
[Date "2012.01.26"]
[Round "4.2"]
[White "Pettersson, Anders"]
[Black "Havik, Victor"]
[Result "1-0"]
[WhiteElo "2219"]
[BlackElo "2066"]
[PlyCount "91"]
[EventDate "2012.01.23"]

1. d4 Nf6 2. c4 e6 3. Nf3 b6 4. Nc3 Bb7 5. Bg5 h6 6. Bh4 Be7 7. Qc2 c5 8. e4
cxd4 9. Nxd4 d6 10. Be2 Nbd7 11. O-O a6 12. Rad1 Qc7 13. f4 O-O 14. Rf3 Nc5 15.
Re3 Ng4 16. Bxg4 Bxh4 17. b4 Nd7 18. Rh3 Bf6 19. e5 dxe5 20. Nxe6 Qxc4 21. Rxd7
fxe6 22. Rxb7 exf4 23. Qe2 Qxb4 24. Bxe6+ Kh8 25. Qd3 Bd4+ 26. Kh1 Rf6 27. Bc4
Bxc3 28. a3 Qb2 29. Rf3 Bd4 30. Qe4 Qc1+ 31. Bf1 Bc5 32. Rxg7 Kxg7 33. Qxa8 Qd2
34. Qb7+ Rf7 35. Qe4 Be3 36. Bd3 Qc1+ 37. Rf1 Qxa3 38. Qg6+ Kf8 39. Qxh6+ Ke7
40. Bc4 Qd6 41. Qxd6+ Kxd6 42. Bxf7 Kc5 43. h4 b5 44. h5 a5 45. h6 b4 46. Rd1
1-0

[Event "Tradewise Gibraltar Chess Festival 2012 "]
[Site "?"]
[Date "2012.01.26"]
[Round "4.3"]
[White "Uran Bermudez, Olive Kevin"]
[Black "Rowe, Duane"]
[Result "1/2-1/2"]
[WhiteElo "2099"]
[BlackElo "2236"]
[PlyCount "114"]
[EventDate "2012.01.23"]

1. e4 e5 2. Nf3 Nc6 3. Bb5 a6 4. Ba4 Nf6 5. O-O Be7 6. Re1 b5 7. Bb3 d6 8. h3
O-O 9. c3 Bb7 10. d3 Na5 11. Bc2 c5 12. Nbd2 Re8 13. Nf1 Bf8 14. Ne3 g6 15. Ng4
Nxg4 16. hxg4 Bg7 17. g5 d5 18. Qe2 d4 19. Nh2 Bc8 20. Ng4 Bxg4 21. Qxg4 c4 22.
cxd4 exd4 23. f4 Nc6 24. a3 Rc8 25. g3 Qa5 26. Rf1 Qb6 27. Kg2 Na5 28. f5 cxd3
29. Bxd3 Nb3 30. f6 Bf8 31. Bf4 Nc5 32. Qf3 Qe6 33. Bb1 Qb3 34. Rf2 Qxf3+ 35.
Kxf3 Nb3 36. Ra2 Red8 37. Bd3 Bc5 38. a4 b4 39. Bxa6 d3 40. Bxc8 Bxf2 41. Kxf2
Rxc8 42. a5 d2 43. Bxd2 Nxd2 44. Ke3 Nc4+ 45. Kd4 b3 46. Ra1 Nxb2 47. Rb1 Nc4
48. a6 b2 49. a7 h6 50. gxh6 Kh7 51. a8=Q Rxa8 52. Kxc4 Rb8 53. Kc3 Kxh6 54.
Rxb2 Rxb2 55. Kxb2 Kg5 56. Kc3 Kxf6 57. Kd4 Kg7 1/2-1/2

[Event "Tradewise Gibraltar Chess Festival 2012 "]
[Site "?"]
[Date "2012.01.26"]
[Round "4.4"]
[White "Eriksen, Magnus"]
[Black "Benmesbah, Natacha"]
[Result "1-0"]
[WhiteElo "2076"]
[BlackElo "2228"]
[PlyCount "59"]
[EventDate "2012.01.23"]

1. e4 c5 2. Nf3 d6 3. d4 cxd4 4. Qxd4 a6 5. Be3 Nf6 6. Nc3 Nc6 7. Qd2 g6 8.
O-O-O Bg7 9. Bh6 O-O 10. h4 Bxh6 11. Qxh6 Ng4 12. Qg5 h5 13. Bc4 Kg7 14. Qd2
Qb6 15. Rdf1 Qc5 16. Bb3 b5 17. Ng5 Nce5 18. Nd5 Ra7 19. f3 Nf6 20. g4 hxg4 21.
h5 Nxh5 22. f4 Nc4 23. Bxc4 Qxc4 24. b3 Qc5 25. f5 Rh8 26. fxg6 f6 27. Nf7 Ng3
28. Rxh8 Kxg6 29. Qh6+ Kxf7 30. Rxf6+ 1-0

[Event "Tradewise Gibraltar Chess Festival 2012 "]
[Site "?"]
[Date "2012.01.26"]
[Round "4.6"]
[White "Ranaivoharisoa, Alain"]
[Black "Seyfried, Claus"]
[Result "1-0"]
[WhiteElo "2135"]
[BlackElo "2141"]
[PlyCount "83"]
[EventDate "2012.01.23"]

1. e4 c5 2. Nc3 e6 3. f4 d5 4. Bb5+ Bd7 5. Qe2 dxe4 6. Bxd7+ Qxd7 7. Nxe4 Nc6
8. c3 Be7 9. Nf3 Nf6 10. d3 Rd8 11. Nf2 O-O 12. Ne5 Qd5 13. O-O Nxe5 14. fxe5
Nd7 15. Bf4 b5 16. a3 f6 17. exf6 Rxf6 18. Bg3 Nb6 19. Rad1 a5 20. Bh4 Rg6 21.
Bg3 Rf8 22. Ng4 Nd7 23. Rxf8+ Bxf8 24. Rf1 Nf6 25. Ne5 Rg5 26. Nf3 Rg6 27. Nh4
Rh6 28. Re1 Nh5 29. Be5 Bd6 30. Nf3 Nf4 31. Bxf4 Bxf4 32. g3 Bc7 33. Qe4 Qxe4
34. Rxe4 Kf7 35. Ng5+ Ke7 36. Kg2 Kd7 37. h4 Bd8 38. Re5 Be7 39. d4 Kc6 40.
dxc5 Bxc5 41. Nxe6 Bd6 42. Nd4+ 1-0

[Event "Tradewise Gibraltar Chess Festival 2012 "]
[Site "?"]
[Date "2012.01.26"]
[Round "4.8"]
[White "Kandic, Milan"]
[Black "Tavares, Shawn P"]
[Result "1-0"]
[WhiteElo "2131"]
[BlackElo "2218"]
[PlyCount "71"]
[EventDate "2012.01.23"]

1. e4 e6 2. Qe2 c5 3. Nf3 Nc6 4. d3 d6 5. g3 h6 6. Bg2 g6 7. O-O Bg7 8. c3 Nge7
9. Be3 b6 10. d4 a5 11. Rd1 Ba6 12. Qd2 cxd4 13. Nxd4 Ne5 14. Na3 Qd7 15. h3
Rd8 16. f4 Nc4 17. Nxc4 Bxc4 18. b3 Ba6 19. c4 e5 20. Ne2 Qc7 21. Rac1 O-O 22.
f5 Kh7 23. g4 gxf5 24. gxf5 Ng8 25. Nc3 Nf6 26. Qf2 Rb8 27. Nd5 Qc6 28. Bxh6
Bxh6 29. Nxf6+ Kg7 30. Ng4 Bf4 31. f6+ Kg6 32. Rc3 Qc5 33. Ne3 Rg8 34. Rd5 Qb4
35. Rcd3 Rbd8 36. Nc2 1-0

[Event "Tradewise Gibraltar Chess Festival 2012 "]
[Site "?"]
[Date "2012.01.26"]
[Round "4.9"]
[White "Osuna Vega, Enrique"]
[Black "Zygouris, Hristos"]
[Result "0-1"]
[WhiteElo "2122"]
[BlackElo "2205"]
[PlyCount "92"]
[EventDate "2012.01.23"]

1. e4 c6 2. d3 d5 3. Nd2 e5 4. Ngf3 Bd6 5. Qe2 Qe7 6. d4 exd4 7. exd5 Nf6 8.
Qxe7+ Kxe7 9. Nxd4 Nxd5 10. Bc4 Nf6 11. O-O Rd8 12. N2f3 h6 13. a4 Kf8 14. h3
Nbd7 15. Be3 Nb6 16. Bb3 Nbd5 17. Bd2 a6 18. Ba5 Re8 19. Rfe1 Bd7 20. Rxe8+
Rxe8 21. Re1 c5 22. Rxe8+ Kxe8 23. Ne2 b5 24. axb5 axb5 25. c4 Nb4 26. cxb5
Bxb5 27. Nc3 Bc6 28. Ba4 Kd7 29. Nd2 Be5 30. Nc4 Bd4 31. Nb6+ Ke6 32. Bxb4 cxb4
33. Bxc6 bxc3 34. bxc3 Bxb6 35. Kf1 Kd6 36. Bb7 Nd5 37. c4 Nf4 38. g3 Kc5 39.
Bd5 Nd3 40. f4 f6 41. Ke2 Nb2 42. Kf3 Kd4 43. Bg8 Nxc4 44. g4 Ne3 45. g5 Nd5
46. f5 Ke5 0-1

[Event "Tradewise Gibraltar Chess Festival 2012 "]
[Site "?"]
[Date "2012.01.26"]
[Round "4.10"]
[White "Vanparys, Philip"]
[Black "Mihajlov, Svetoslav"]
[Result "1-0"]
[WhiteElo "2174"]
[BlackElo "2101"]
[PlyCount "143"]
[EventDate "2012.01.23"]

1. c4 e5 2. g3 Nf6 3. Bg2 d5 4. cxd5 Nxd5 5. Nf3 Nc6 6. O-O Nb6 7. b3 Be6 8.
Bb2 f6 9. e3 Be7 10. d4 exd4 11. Nxd4 Nxd4 12. Bxd4 c6 13. Qh5+ Bf7 14. Qg4 O-O
15. Rd1 Qc8 16. Qxc8 Nxc8 17. Nd2 Rd8 18. Nc4 Nb6 19. Na5 Rd7 20. a3 c5 21. Bb2
Rad8 22. Rdc1 Bd5 23. e4 Be6 24. Re1 Rd2 25. Bc1 Rd1 26. Bf4 Rxa1 27. Rxa1 Rd3
28. Bf1 Rc3 29. Bd2 Rc2 30. Be3 Nd7 31. Rc1 Rxc1 32. Bxc1 b6 33. Nc6 Bd6 34.
Bc4 Bxc4 35. bxc4 Ne5 36. Nxe5 Bxe5 37. Bf4 Bc3 38. Kf1 a6 39. a4 Kf7 40. Ke2
Ke6 41. Kd3 Be1 42. f3 Kd7 43. e5 f5 44. Be3 Ke6 45. f4 Kd7 46. Ke2 Bc3 47. Kf3
h5 48. Kg2 g6 49. Kh3 Ke6 50. Kh4 Bd4 51. Bd2 Bg1 52. Be1 Kf7 53. Kg5 Bd4 54.
Kh6 Be3 55. h4 Bd4 56. Kh7 b5 57. cxb5 axb5 58. axb5 c4 59. Ba5 c3 60. b6 c2
61. b7 Ba7 62. Bd2 Bb8 63. Bc1 Bc7 64. e6+ Kxe6 65. Kxg6 Bb8 66. Kxh5 Kd5 67.
Kg6 Ke4 68. h5 Kf3 69. h6 Kxg3 70. h7 Bxf4 71. Bxf4+ Kxf4 72. b8=Q+ 1-0

[Event "Tradewise Gibraltar Chess Festival 2012 "]
[Site "?"]
[Date "2012.01.26"]
[Round "4.11"]
[White "Attwood, James"]
[Black "Daoudi, Kamal"]
[Result "1-0"]
[WhiteElo "2072"]
[BlackElo "2165"]
[PlyCount "163"]
[EventDate "2012.01.23"]

1. d4 Nf6 2. c4 e6 3. g3 d5 4. Bg2 Be7 5. Nf3 O-O 6. O-O dxc4 7. Qc2 a6 8. Qxc4
b5 9. Qc2 Bb7 10. Bd2 Ra7 11. Rd1 Be4 12. Qc1 Qc8 13. Ba5 Nc6 14. Be1 Nb4 15.
Bxb4 Bxb4 16. a3 Be7 17. Nbd2 Bd5 18. b4 Qa8 19. Ne1 a5 20. Bxd5 Qxd5 21. Qb2
Qh5 22. Ndf3 Rfa8 23. Ne5 Ra6 24. bxa5 Rxa5 25. Rd3 Bd6 26. N1f3 h6 27. Nc6 Ra4
28. Rb3 Qd5 29. Nfe5 Qe4 30. f3 Qf5 31. Rxb5 Qh3 32. Rb8+ Rxb8 33. Qxb8+ Kh7
34. Qb2 Rc4 35. Nxc4 Bxg3 36. e3 Bh4 37. N6e5 Nd5 38. Qg2 Qf5 39. Qg4 Qf6 40.
Qe4+ g6 41. Ra2 Nc3 42. Qc2 Qg5+ 43. Qg2 Nxa2 44. Qxg5 Bxg5 45. Nxf7 Be7 46.
Kf2 Nc3 47. Nfe5 c5 48. Nc6 Bh4+ 49. Kg2 Na4 50. f4 Kg7 51. Kf3 Kf6 52. Ke4 Bf2
53. N6e5 Bg1 54. Nd7+ Ke7 55. Nxc5 Nc3+ 56. Kf3 Nd5 57. Ne5 g5 58. fxg5 hxg5
59. Ng4 Kd6 60. Ne4+ Kc6 61. Nxg5 Nxe3 62. Nxe3 Bxh2 63. Nxe6 Bd6 64. a4 Bb4
65. Ke4 Kd6 66. Nf4 Kc6 67. Nc4 Bf8 68. Nd3 Kb7 69. Kd5 Ka6 70. Nc5+ Ka7 71.
Kc6 Be7 72. d5 Kb8 73. d6 Bd8 74. d7 Ka7 75. Ne6 Bh4 76. d8=Q Bxd8 77. Nxd8 Ka6
78. Ne6 Ka7 79. Nc7 Kb8 80. Kb6 Kc8 81. a5 Kb8 82. a6 1-0

[Event "Tradewise Gibraltar Chess Festival 2012 "]
[Site "?"]
[Date "2012.01.26"]
[Round "4.12"]
[White "Ungureanu, Sandu"]
[Black "Samu, Sorin-Mihai"]
[Result "1-0"]
[WhiteElo "2039"]
[BlackElo "2156"]
[PlyCount "83"]
[EventDate "2012.01.23"]

1. c4 Nf6 2. Nc3 e6 3. g3 c6 4. Bg2 d5 5. cxd5 exd5 6. d4 Bf5 7. Bg5 Nbd7 8.
Qb3 Qb6 9. Qxb6 axb6 10. Nf3 b5 11. O-O b4 12. Nd1 Ne4 13. Ne3 Be6 14. Nc2 f6
15. Bd2 Nxd2 16. Nxd2 Nb6 17. a3 bxa3 18. Nxa3 Bb4 19. Nb3 Kd7 20. Nc2 Bd6 21.
Nc5+ Bxc5 22. dxc5 Na4 23. b4 Nc3 24. Nd4 Bf7 25. f3 Rhe8 26. Kf2 g6 27. Rfc1
Na2 28. Rcb1 Ra4 29. b5 Rxd4 30. Rxa2 Rc4 31. Ra7 Rxc5 32. bxc6+ Kxc6 33. Rbxb7
Bg8 34. Re7 Rxe7 35. Rxe7 d4 36. f4+ Kd6 37. Re4 Rc4 38. Re8 Bf7 39. Rf8 Ke7
40. Rxf7+ Ke6 41. Rxh7 Rc2 42. Be4 1-0

[Event "Tradewise Gibraltar Chess Festival 2012 "]
[Site "?"]
[Date "2012.01.26"]
[Round "4.13"]
[White "James, David"]
[Black "Mihajlov, Sebastian"]
[Result "0-1"]
[WhiteElo "2153"]
[BlackElo "1974"]
[PlyCount "86"]
[EventDate "2012.01.23"]

1. Nf3 Nf6 2. c4 c6 3. d4 d5 4. Bg5 h6 5. Bxf6 exf6 6. cxd5 Qxd5 7. Nc3 Qd8 8.
e3 Bd6 9. Bd3 O-O 10. Qc2 a5 11. a3 Nd7 12. Ne4 Be7 13. Ng3 c5 14. O-O cxd4 15.
exd4 Nb6 16. Nf5 Bxf5 17. Bxf5 Bd6 18. Qb3 Bc7 19. Be4 Rb8 20. Rac1 Re8 21.
Rfe1 Bf4 22. Rcd1 Bc7 23. g3 Qd6 24. Qb5 Qd7 25. Qxa5 Nc4 26. Qc3 b5 27. a4
Rec8 28. b3 Ba5 29. b4 Nb6 30. Qd3 Bxb4 31. Bf5 Qd6 32. Bxc8 Bxe1 33. Rxe1 Rxc8
34. Qxb5 Nd7 35. a5 Rb8 36. Qc4 g6 37. Ra1 Ra8 38. a6 Ra7 39. Nd2 Nb8 40. Ne4
Qb6 41. Nc5 Nc6 42. d5 Ne5 43. Nd3 Nxc4 0-1

[Event "Tradewise Gibraltar Chess Festival 2012 "]
[Site "?"]
[Date "2012.01.26"]
[Round "4.18"]
[White "Obiamiwe, Paul"]
[Black "Byron, Alan M"]
[Result "1-0"]
[WhiteElo "1982"]
[BlackElo "2241"]
[PlyCount "75"]
[EventDate "2012.01.23"]

1. e4 c5 2. Nf3 d6 3. d4 cxd4 4. Nxd4 Nf6 5. Nc3 a6 6. Be3 e5 7. Nb3 Be6 8. Be2
Be7 9. O-O Nbd7 10. f4 Rc8 11. Nd2 exf4 12. Rxf4 Ne5 13. Kh1 O-O 14. Bd4 Nfd7
15. Nd5 Bg5 16. Rf1 Bh6 17. a4 Bxd5 18. exd5 Qa5 19. Bxe5 Nxe5 20. Ne4 Qb4 21.
Bd3 Nxd3 22. cxd3 f5 23. Ng3 g6 24. b3 Bg7 25. Rb1 Rfe8 26. Ne2 Be5 27. d4 Bg7
28. Nf4 Re4 29. Ne6 Bxd4 30. Rc1 Re8 31. Rc4 Qa5 32. Rxd4 Re3 33. h3 Qc3 34.
Kh2 Qb2 35. Qc1 Qe2 36. Rdd1 Rxb3 37. Rfe1 Qh5 38. Nf4 1-0

[Event "Tradewise Gibraltar Chess Festival 2012 "]
[Site "?"]
[Date "2012.01.26"]
[Round "4.19"]
[White "Agrest, Inna"]
[Black "Johnsen, Kjell Magne"]
[Result "1-0"]
[WhiteElo "2189"]
[BlackElo "1950"]
[PlyCount "55"]
[EventDate "2012.01.23"]

1. e4 e5 2. Nf3 Nc6 3. Bb5 Nf6 4. O-O Nxe4 5. d4 Nd6 6. dxe5 Nxb5 7. a4 Nbd4 8.
Nxd4 Nxd4 9. Qxd4 d5 10. b4 Be7 11. Nc3 c6 12. Ne2 Qb6 13. c3 Qxd4 14. Nxd4 g6
15. a5 a6 16. Be3 h5 17. f4 Bf5 18. Rf2 Kd7 19. Nb3 Rae8 20. Bc5 Bxc5 21. Nxc5+
Kc7 22. Re1 Re7 23. h3 f6 24. Rfe2 Rhe8 25. exf6 Rxe2 26. Rxe2 Rf8 27. Re7+ Kd6
28. Nxb7# 1-0

[Event "Tradewise Gibraltar Chess Festival 2012 "]
[Site "?"]
[Date "2012.01.26"]
[Round "4.21"]
[White "Vinas Guerrero, Carlos A"]
[Black "Marder, Simon"]
[Result "1/2-1/2"]
[WhiteElo "2160"]
[BlackElo "2032"]
[PlyCount "50"]
[EventDate "2012.01.23"]

1. e4 Nc6 2. Nf3 Nf6 3. e5 Ng4 4. d4 d6 5. h3 Nh6 6. Nc3 g6 7. exd6 cxd6 8. d5
Ne5 9. Nxe5 dxe5 10. Bb5+ Bd7 11. O-O Nf5 12. Qd3 Nd6 13. Bxd7+ Qxd7 14. f4
exf4 15. Qd4 Rg8 16. Bxf4 Bg7 17. Qf2 f5 18. Bxd6 exd6 19. Rae1+ Be5 20. b3 Rc8
21. Na4 b6 22. c4 Kf7 23. Nb2 Kg7 24. Nd3 Rge8 25. Nb4 Kh8 1/2-1/2

[Event "Tradewise Gibraltar Chess Festival 2012 "]
[Site "?"]
[Date "2012.01.26"]
[Round "4.22"]
[White "Dasaolu, Adeoye"]
[Black "Salomon, Johan"]
[Result "1/2-1/2"]
[WhiteElo "2107"]
[BlackElo "2002"]
[PlyCount "47"]
[EventDate "2012.01.23"]

1. c4 g6 2. Nf3 Bg7 3. e4 c5 4. d4 cxd4 5. Nxd4 Nc6 6. Nc2 Nf6 7. Nc3 d6 8. Be2
O-O 9. O-O Nd7 10. Be3 Nc5 11. f3 Bxc3 12. bxc3 Be6 13. Nd4 Na5 14. Nxe6 fxe6
15. Bxc5 dxc5 16. e5 Qxd1 17. Raxd1 Rad8 18. g3 g5 19. Bd3 Kg7 20. Kf2 Rd7 21.
Ke2 Rfd8 22. f4 gxf4 23. gxf4 a6 24. Rg1+ 1/2-1/2